<?xml version="1.0" encoding="UTF-8"?>
<record
    xmlns:xsi="http://www.w3.org/2001/XMLSchema-instance"
    xsi:schemaLocation="http://www.loc.gov/MARC21/slim http://www.loc.gov/standards/marcxml/schema/MARC21slim.xsd"
    xmlns="http://www.loc.gov/MARC21/slim">

  <leader>00911nas a22002297a 4500</leader>
  <controlfield tag="005">20141119145722.0</controlfield>
  <controlfield tag="008">140223c19uu9999ua ar   ry|||f00| a0eng d</controlfield>
  <datafield tag="043" ind1=" " ind2=" ">
    <subfield code="a">f-ua---</subfield>
  </datafield>
  <datafield tag="082" ind1="0" ind2="4">
    <subfield code="2">22</subfield>
    <subfield code="a">338.7402562</subfield>
    <subfield code="b">KOM</subfield>
  </datafield>
  <datafield tag="245" ind1="0" ind2="0">
    <subfield code="a">Kompass Egypt finance :</subfield>
    <subfield code="b">yearbook 2013-2014 issue 16 : listed securities and stocks on the Egyptian exchange and multinational companies in Egypt.</subfield>
  </datafield>
  <datafield tag="260" ind1=" " ind2=" ">
    <subfield code="a">Kalyub, Egypt :</subfield>
    <subfield code="b">Ahram Commercial Press </subfield>
  </datafield>
  <datafield tag="300" ind1=" " ind2=" ">
    <subfield code="a">V. :</subfield>
    <subfield code="b">ill. (some col.) ; </subfield>
    <subfield code="c">32 cm.</subfield>
  </datafield>
  <datafield tag="310" ind1=" " ind2=" ">
    <subfield code="a">Annual</subfield>
  </datafield>
  <datafield tag="500" ind1=" " ind2=" ">
    <subfield code="a">Index : p. 463-495.</subfield>
  </datafield>
  <datafield tag="588" ind1=" " ind2=" ">
    <subfield code="a">Description based on : 2013 / 2014.</subfield>
  </datafield>
  <datafield tag="588" ind1=" " ind2=" ">
    <subfield code="a">Latest issue consulted : Issue 16 (Yearbook 2013 / 2014).
</subfield>
  </datafield>
  <datafield tag="650" ind1=" " ind2="0">
    <subfield code="a">Industries</subfield>
    <subfield code="z">Egypt </subfield>
    <subfield code="v">Directories</subfield>
    <subfield code="9">35331</subfield>
  </datafield>
  <datafield tag="650" ind1=" " ind2="0">
    <subfield code="a">Business enterprises</subfield>
    <subfield code="z">Egypt</subfield>
    <subfield code="v">Directories</subfield>
    <subfield code="9">35332</subfield>
  </datafield>
  <datafield tag="651" ind1=" " ind2="0">
    <subfield code="a">Egypt</subfield>
    <subfield code="x">Commerce</subfield>
    <subfield code="v">Directories</subfield>
    <subfield code="9">35333</subfield>
  </datafield>
  <datafield tag="653" ind1=" " ind2=" ">
    <subfield code="b">BUSADM</subfield>
    <subfield code="c">February2014</subfield>
  </datafield>
  <datafield tag="942" ind1=" " ind2=" ">
    <subfield code="2">ddc</subfield>
    <subfield code="c">REFERENCE</subfield>
    <subfield code="k">338.7402562 KOM</subfield>
  </datafield>
  <datafield tag="999" ind1=" " ind2=" ">
    <subfield code="c">18075</subfield>
    <subfield code="d">18047</subfield>
  </datafield>
  <datafield tag="952" ind1=" " ind2=" ">
    <subfield code="0">0</subfield>
    <subfield code="1">0</subfield>
    <subfield code="2">ddc</subfield>
    <subfield code="4">0</subfield>
    <subfield code="7">0</subfield>
    <subfield code="8">Baccah</subfield>
    <subfield code="a">MAIN</subfield>
    <subfield code="b">MAIN</subfield>
    <subfield code="c">0TH</subfield>
    <subfield code="d">2014-02-23</subfield>
    <subfield code="e">Purchase</subfield>
    <subfield code="g">1750.00</subfield>
    <subfield code="l">2</subfield>
    <subfield code="m">1</subfield>
    <subfield code="o">338.7402562 KOM</subfield>
    <subfield code="p">000035638</subfield>
    <subfield code="r">2023-12-04 00:00:00</subfield>
    <subfield code="s">2018-09-18</subfield>
    <subfield code="v">2187.50</subfield>
    <subfield code="w">2014-02-23</subfield>
    <subfield code="y">REFERENCE</subfield>
  </datafield>
</record>
